000 00728nam a2200265Ia 4500
005 20260121170024.0
008 008 260114s9999 xx 000 0 eng d
020 _a9783319592206
037 _aEBOOK
040 _aCRL
040 _beng
040 _cCRL
041 _2eng
041 _aeng
084 _qCRL
100 _aMilton Rosa, Lawrence Shirley, Maria Elena Gavarrete, Wilfredo V. Alangui
_91058855
245 0 _aEthnomathematics and its Diverse Approaches for Mathematics Education
260 _bSpringer
260 _bSpringer
260 _c2017
856 _uhttps://link.springer.com/openurl?genre=book&isbn=978-3-319-59220-6
942 _cEBOOK
999 _c1624584
_d1624584